000 00424nam a2200145Ia 4500
008 100204s9999 xx 000 0 und d
082 _b14775
100 _aकाशिकर एस. एम.
245 _aतिरंदाज
260 _b"विनी पब्लिकेशन , पुणे"
_c1991
300 _a190
630 _aतिरंदाज
730 _aतिरंदाज
942 _cBOOK
999 _c459206
_d459203